Roman numbers - Statistics

General Stats
  • This quiz has been taken 236 times
    229 since last reset
  • The average score is 15 of 17
Answer Stats
Hint Answer % Correct
1 I
99%
10 X
98%
30 XXX
96%
50 L
95%
70 LXX
92%
1000 M
92%
101 CI
91%
77 LXXVII
91%
40 XL
91%
150 CL
89%
123 CXXIII
89%
211 CCXI
88%
237 CCXXXVII
85%
1500 MD
85%
189 CLXXXIX
82%
3762 MMMDCCLXII
74%
1892 MDCCCXCII
71%
No matching quizzes found
Score Distribution
Percent of People with Each Score
Percentile by Number Answered
Your Score History
You have not taken this quiz since the last reset